000 00410nam a2200181Ia 4500
001 4985
005 20260306145835.0
008 260306t1997||||xx |||||||||||||| ||spa||
041 _aESP
082 _a332.46
_bF41
100 _aFernández-Baca, Jorge
_eAUT
245 0 _aDinero, precios y tipo de cambio
260 _c1997
300 _a
_c
650 _aGEN
654 _aCAN
942 _cLIB
_dJUS
_fJUS
_2ddc
_n
999 _c4985
_d4985